000
00289nam a2200133Ia 4500
100
_a
Roy chowdhury/ K.P.
942
_c
BK
654
_a
materials
245
_a
Engineering Materials
260
_b
Oxford & IBH
_a
New Delhi
_c
1977
082
_a
691.Cho
300
_a
365
546
_a
ENGLISH
999
_c
26238
_d
26238